[Event "Asia-ch Amateur"]
[Site "Dubai"]
[Date "2023.09.02"]
[Round "8"]
[White "Mansurov, Botir"]
[Black "Saket, Kumar"]
[Result "1-0"]
[WhiteElo "1745"]
[BlackElo "1406"]
[PlyCount "128"]
[EventDate "2023.08.28"]
[EventType "swiss"]
[EventRounds "9"]
[EventCountry "UAE"]
[SourceTitle "EXT 2024"]
[Source "ChessBase"]
[SourceDate "2023.10.10"]
[SourceVersion "1"]
[SourceVersionDate "2023.10.10"]
[SourceQuality "1"]

1. d4 d5 2. Nc3 Nf6 3. Bf4 c5 4. e4 cxd4 5. Qxd4 Nc6 6. Bb5 Bd7 7. Bxc6 Bxc6 8. e5 Ng8 9. e6 fxe6 10. 0-0-0 Nf6 11. Nf3 Qb6 12. Rhe1 Qxd4 13. Nxd4 Bd7 14. Nxe6 Bxe6 15. Rxe6 Kf7 16. Re2 e6 17. Nb5 Rc8 18. Nd4 Ne4 19. f3 Nc5 20. Kb1 a5 21. Rde1 Re8 22. Nb5 Be7 23. Nc7 Rc8 24. Nxe6 Nxe6 25. Rxe6 Bf6 26. Rb6 Rhe8 27. Rxb7+ Kg6 28. Rxe8 Rxe8 29. Kc1 Re2 30. g4 Rf2 31. Rb3 a4 32. Ra3 Rf1+ 33. Kd2 Bxb2 34. Ke2 Rg1 35. Rxa4 Rg2+ 36. Kd3 Rf2 37. Ra6+ Kf7 38. Bg3 Rxf3+ 39. Kd2 d4 40. a4 Bc3+ 41. Kd1 Rf1+ 42. Ke2 Rc1 43. Kd3 Rd1+ 44. Kc4 Rc1 45. Ra7+ Kg6 46. Be5 Rxc2 47. Rxg7+ Kh6 48. g5+ Kh5 49. Rxh7+ Kxg5 50. Bxd4 Bxd4+ 51. Kxd4 Ra2 52. h4+ Kg6 53. Ra7 Kh5 54. a5 Kxh4 55. a6 Kg5 56. Kc5 Kf6 57. Kb6 Ke6 58. Rh7 Kd6 59. a7 Rb2+ 60. Ka6 Ra2+ 61. Kb7 Rb2+ 62. Kc8 Ra2 63. Kb8 Rb2+ 64. Rb7 Kd5 1-0